Prediction of Financial Performance in Dependence on the Type of Organisational Culture
Faktory ovplyvňujúce výkonnosť organizácie ako predpoklad úspešného riadenia. Analýza spôsobov ich vzájomného pôsobenia a úroveň synergie, ktorú môžu vytvoriť. Vzťah medzi rôznymi typmi organizačnej kultúry a finančnou výkonnosťou organizácie.
Saved in:
| Main Author: | |
|---|---|
| Other Authors: | , |
| Format: | Book Chapter |
| Language: | English |
| Subjects: | |
| Tags: |
No Tags, Be the first to tag this record!
|
MARC
| LEADER | 00000naa a2200000 4500 | ||
|---|---|---|---|
| 001 | 0250703 | ||
| 005 | 20221019094935.4 | ||
| 041 | 0 | |a eng | |
| 044 | |a CZ | ||
| 245 | 1 | 0 | |a Prediction of Financial Performance in Dependence on the Type of Organisational Culture |c Miloslava Hiršová, Lenka Komárková, Petr Pirožek |
| 520 | |a Faktory ovplyvňujúce výkonnosť organizácie ako predpoklad úspešného riadenia. Analýza spôsobov ich vzájomného pôsobenia a úroveň synergie, ktorú môžu vytvoriť. Vzťah medzi rôznymi typmi organizačnej kultúry a finančnou výkonnosťou organizácie. | ||
| 610 | 2 | 0 | |a výkonnosť |
| 610 | 2 | 0 | |a kultúra podniková |
| 610 | 2 | 0 | |a ukazovatele finančné |
| 610 | 2 | 0 | |a modely lineárne |
| 610 | 2 | 0 | |a flexibilita |
| 610 | 2 | 0 | |a riadenie podnikové |
| 610 | 2 | 0 | |a riadenie finančné |
| 100 | 1 | |a Hiršová, Miloslava | |
| 700 | 1 | |a Komárková, Lenka | |
| 700 | 1 | |a Pirožek, Petr | |